000 00320nam a2200133Ia 4500
008 240624s9999 xx 000 0 und d
041 _aeng
082 _a005.74 CUT
100 _aCUTLIP ROB
245 _aINTEGRATED SOLUTIONS WITH DB2
260 _c2004
_aDelhi
_bPearson Education
300 _axvii, : 289
365 _cRS
999 _c1853
_d1853